|
|
|
|
| LEADER |
00961nam a2200277 a 4500 |
| 001 |
c000302739 |
| 003 |
CARM |
| 005 |
20061111033751.0 |
| 008 |
850404s1985 nyuaf b 001 0beng |
| 019 |
1 |
|
|a 3795882
|5 LACONCORD2021
|
| 020 |
|
|
|a 0374161984
|
| 035 |
|
|
|a (OCoLC)11970760
|5 LACONCORD2021
|
| 082 |
0 |
0 |
|a 730
|
| 082 |
0 |
0 |
|a B
|2 19
|
| 100 |
1 |
|
|a Lord, James.
|
| 245 |
1 |
0 |
|a Giacometti, a biography /
|c James Lord.
|
| 250 |
|
|
|a 1st ed.
|
| 260 |
|
|
|a New York :
|b Farrar, Straus, Giroux,
|c 1985.
|
| 300 |
|
|
|a xiii, 575 p., [32] p. of plates :
|b ill ;
|c 24 cm.
|
| 500 |
|
|
|a Includes index.
|
| 504 |
|
|
|a Bibliography: p. 549-565.
|
| 600 |
1 |
0 |
|a Giacometti, Alberto,
|d 1901-1966.
|
| 650 |
|
0 |
|a Sculptors
|z France
|x Biography.
|
| 852 |
8 |
|
|b CARM
|h A3:AF21F0
|i C12374
|p 0542986
|f BK
|
| 999 |
f |
f |
|i e27ca563-a12b-58bd-acf9-14a895c80344
|s 80a68a9c-14e1-5112-99f6-d7e1e50dff08
|
| 952 |
f |
f |
|p Can circulate
|a CAVAL
|b CAVAL
|c CAVAL
|d CARM 1 Store
|e C12374
|f A3:AF21F0
|h Other scheme
|i book
|m 0542986
|